[Event "Montreal Tournoi de l'Est 4"]
[Site "Montreal"]
[Date "1983.05.15"]
[Round "5"]
[White "Morin, Louis"]
[Black "Chalut, Daniel"]
[Result "1/2-1/2"]
[WhiteElo "1833"]
[BlackElo "1723"]
[PlyCount "80"]
[EventDate "1983.05.??"]
[EventType "swiss"]
[EventRounds "5"]
[EventCountry "CAN"]
[SourceTitle "EXT 2022"]
[Source "ChessBase"]
[SourceDate "2021.10.06"]
[SourceVersion "1"]
[SourceVersionDate "2021.10.06"]
[SourceQuality "1"]

1. e4 c5 2. Nf3 d6 3. d4 cxd4 4. Nxd4 Nf6 5. Nc3 g6 6. f3 Bg7 7. Be3 0-0 8. Qd2 Nc6 9. Bc4 Bd7 10. 0-0-0 Ne5 11. Bb3 Qa5 12. Kb1 Rfc8 13. h4 Nc4 14. Bxc4 Rxc4 15. h5 Nxh5 16. g4 Nf6 17. Nb3 Qc7 18. Bh6 Rxc3 19. Bxg7 Kxg7 20. Qxc3 Qxc3 21. bxc3 Be6 22. Nd2 Rc8 23. c4 Nd7 24. Rh2 Ne5 25. Rdh1 Rh8 26. Kb2 Nxc4+ 27. Nxc4 Bxc4 28. Kc3 Ba6 29. Kd4 h6 30. e5 dxe5+ 31. Kxe5 Rc8 32. Rxh6 Rc5+ 33. Kd4 Rxc2 34. g5 e5+ 35. Kxe5 Kf8 36. R6h2 Rc5+ 37. Kf4 Bc4 38. Rh8+ Ke7 39. Rb8 Rf5+ 40. Kg3 Bd5 1/2-1/2